书目信息 |
| 题名: |
建筑设备安装工程经济与管理
|
|
| 作者: | 王智伟 主编 | |
| 分册: | ||
| 出版信息: | 北京 中国建筑工业出版社 2003.07 |
|
| 页数: | 271页 | |
| 开本: | 26cm | |
| 丛书名: | ||
| 单 册: | ||
| 中图分类: | TU8 | |
| 科图分类: | ||
| 主题词: | 房屋建筑设备--工程经济--工程管理--高等学校:技术学校--教材 , 工程经济 , 工程管理 , 房屋建筑设备 | |
| 电子资源: | ||
| ISBN: | 7-112-05469-9 | |
| 000 | 00848nam0 2200265 45 | |
| 001 | 012004000000 | |
| 005 | 20041201101133.37 | |
| 010 | @a7-112-05469-9@dCNY 25.00 | |
| 100 | @a20041009e2003 em y0chiy0121 ea | |
| 101 | 0 | @achi |
| 102 | @aCN@b110000 | |
| 105 | @aak z 000yy | |
| 200 | 1 | @a建筑设备安装工程经济与管理@Ajian zhu she bei an zhuang gong cheng jing ji yu guan li@f王智伟主编@Fwang zhi wei zhu bian |
| 210 | @a北京@c中国建筑工业出版社@d2003.07@h2004重印 | |
| 215 | @a271页@c图, 表格@d26cm | |
| 300 | @a高校土木工程专业教材 | |
| 320 | @a本书含附录和参考文献 | |
| 606 | 0 | @a房屋建筑设备@x工程经济@x工程管理@x高等学校:技术学校@j教材 |
| 606 | 0 | @a工程经济 |
| 606 | 0 | @a工程管理 |
| 606 | 0 | @a房屋建筑设备 |
| 690 | @aTU8@v4 | |
| 701 | 0 | @a王智伟@Awang zhi wei@4主编 |
| 801 | 0 | @aCN@bNLC@c20041201 |
| 905 | @a10447@dTU8@eW4601 | |
| 建筑设备安装工程经济与管理/王智伟主编.-北京:中国建筑工业出版社,2003.07(2004重印) |
| 271页:图, 表格;26cm |
| 高校土木工程专业教材 |
| ISBN 7-112-05469-9:CNY 25.00 |
| ● |
| 相关链接 |
|
|
|
正题名:建筑设备安装工程经济与管理
索取号:TU8/W4601
 
预约/预借
| 序号 | 登录号 | 条形码 | 馆藏地/架位号 | 状态 | 备注 |
| 1 | 428992 | 204289929 | 建筑库201/201建筑库 48排7列4层/ [索取号:TU8/W4601] | 在馆 | |
| 2 | 428993 | 204289938 | 建筑库201/201建筑库 48排7列4层/ [索取号:TU8/W4601] | 在馆 | |
| 3 | 428994 | 204289947 | 建筑库201/201建筑库 48排7列4层/ [索取号:TU8/W4601] | 在馆 |